Jak a z čeho financovat české zdravotnictví?

Aktuálny stav financovania zdravotného systému v Českej republike. Možnosti viaczdrojového financovania zdravotníctva. Súkromné zdravotné poistenie a verejno-súkromné partnerstvo.

Gespeichert in:
Bibliographische Detailangaben
1. Verfasser: Netolický, Lubomír
Format: Buchkapitel
Sprache:Tschechisch
Schlagworte:
Tags: Tag hinzufügen
Keine Tags, Fügen Sie das erste Tag hinzu!

MARC

LEADER 00000naa a2200000 4500
001 0119039
005 20231010082333.8
041 0 |a cze 
044 |a CZ 
245 1 0 |a Jak a z čeho financovat české zdravotnictví?  |c Lubomír Netolický 
520 |a Aktuálny stav financovania zdravotného systému v Českej republike. Možnosti viaczdrojového financovania zdravotníctva. Súkromné zdravotné poistenie a verejno-súkromné partnerstvo. 
610 2 0 |a Česko 
610 2 0 |a poisťovníctvo 
610 2 0 |a poistenie zdravotné 
610 2 0 |a politika poistná 
610 2 0 |a poisťovne zdravotné 
610 2 0 |a poisťovne komerčné 
610 2 0 |a financovanie 
610 2 0 |a partnerstvo verejno-súkromné 
610 2 0 |a reformy 
100 1 |a Netolický, Lubomír